000 00276nam a22001217a 4500
041 _aENG
100 _aJackson.M
245 _aFundamntals Of Engineering Science
260 _aDelhi
_bHutchinson Technical Ed
_c1961
300 _a767
650 _aGAE (15)
856 _uGAE (15)
999 _c2960
_d2960